00838 2200313 4500001002100000005001500021035002000036007000300056008004100059040001600100100001800116245006100134250001000195300003400205020002200239041000800261082001000269084001600279090002000295260003300315500003100348600001500379700002400394850001000418990002400428990002400452990002400476990002400500INLIS00000000000196020260603125535 a0010-0120000403ta260603 1  aSBUPADbInd0 aDwi Rahmawati1 aPintar Menggunting /cDwi Rahmawati; Editor, Endy Astiko aCet.1 av, 120 hlm. :bilus. ;c28 cm a978-602-53860-6-00 aInd a371.1 a371.1 DWI p a371.1 DWI p 5-5 aYogyakarta :bRainbow,c2019 aTentang Ilustrator,hlm 119 4aPendidikan0 aEditor, Endy Astiko aPUPAD a33.443/DAK/DPK/2019 a33.444/DAK/DPK/2019 a33.446/DAK/DPK/2019 a33.444/DAK/DPK/2019